000 00254nam a2200097Ia 4500
001 807713
005 20250826171236.0
008 250824s9999 xx 000 0 und d
245 0 _aTARİHİ DEĞİŞTİREN GÜNLER
_cALİ ÇİMEN
260 _bTİMAŞ YAYINLARI
999 _c807713
_d807713